00736cam a2200229 a 4500003000500000005001700005008004100022010001000063011001000073020001500083035001000098040000900108082001600117100002700133245012600160260007100286300002000357650004700377650003500424650001000459700003700469CHAP20220329142122.0990813d1996 es a r 00010 spa d a78717 a79689 a844910243X a90075 cCHAP04a631.542bC600aCoque Fuertes, Manuel.10aPoda de frutales y técnicas de propagación y plantaciónc/por Manuel Coque Fuertes y Ma. Belén Díaz Hernández aMadrid :bMinisterio de Agricultura, Pesca y Alimentación,c1996 a267 p. :bilus.14aArboles frutalesxFisiologia y morfologia.14aArboles frutalesxPropagacion.14aPoda.0 aDíaz Hernández, Ma. Belén.